Los dos Luises y otros ensayos
Furkejuvvon:
| Váldodahkki: | |
|---|---|
| Materiálatiipa: | Girji |
| Giella: | espánnjágiella |
| Almmustuhtton: |
Buenos Aires
Espasa-Calpe Argentina S. A
1946
|
| Preanttus: | 2a. ed |
| Ráidu: | Colección Austral, 420
|
| Fáttát: | |
| Fáddágilkorat: |
Lasit fáddágilkoriid
Eai fáddágilkorat, Lasit vuosttaš fáddágilkora!
|
MARC
| LEADER | 00000cam a2200000 a 4500 | ||
|---|---|---|---|
| 001 | UCF8373 | ||
| 003 | CL-VaPUC | ||
| 008 | 130829e19461015ag |||||||||||||||||spa|d | ||
| 082 | 0 | 4 | |a 864 |b AZO |2 21 |
| 100 | |a Azorín |e autor |q Martínez Ruiz, José |9 863023 | ||
| 245 | 1 | 4 | |a Los dos Luises y otros ensayos |
| 250 | |a 2a. ed | ||
| 300 | |a 153 p | ||
| 942 | |c BK | ||
| 945 | |d 20130829 16:45:00 |a dcastane | ||
| 260 | |a Buenos Aires |b Espasa-Calpe Argentina S. A |c 1946 | ||
| 650 | 0 | |a Ensayos españoles |9 313128 | |
| 650 | 0 | |a Literatura española |9 306261 | |
| 583 | |a last modification |c 20130829 16:45:00 |k Rodrigo Vera | ||
| 490 | 0 | |a Colección Austral, 420 | |
| 999 | |c 352947 |d 352945 | ||
| 952 | |0 0 |1 0 |3 erb |4 0 |6 864_000000000000000_AZO_1946 |7 0 |8 A |9 457742 |a BIBEDU |b BIBEDU |d 2019-11-23 |i 4997530 |o 864 AZO 1946 |p 4997530 |r 2019-11-23 |w 2019-11-23 |y BK |z Catalogado en:20130829 |k LIT | ||